Liste des monarques de Russie - Statistiques

Statistiques générales
  • Ce quiz a été pris 1 289 fois
  • Le résultat moyen est 19 sur 37
Statistiques - réponses
Règne Dynastie Tsar % Correct
1825-1855 Holstein-Gottorp-Romanov Nicolas Ier
95%
1894-1917 Holstein-Gottorp-Romanov Nicolas II le Pacifique
95%
1325-1340 Riourikides Ivan Ier l'Escarcelle
89%
1462-1505 Riourikides Ivan III le Grand
89%
1353-1359 Riourikides Ivan II le Débonnaire
89%
1533-1584 Riourikides Ivan IV le Terrible
88%
1725-1727 Romanov Catherine Ière
84%
1801-1825 Holstein-Gottorp-Romanov Alexandre Ier
83%
1855-1881 Holstein-Gottorp-Romanov Alexandre II le Libérateur
83%
1762-1796 Ascanie Catherine II la Grande
83%
1682-1696 Romanov Ivan V
83%
1740-1741 Brunswick Ivan VI
82%
1881-1894 Holstein-Gottorp-Romanov Alexandre III
81%
1682-1725 Romanov Pierre Ier de Russie le Grand
80%
1727-1730 Romanov Pierre II
78%
1762 Holstein-Gottorp-Romanov Pierre III
78%
1613-1645 Romanov Michel Ier
44%
1917 Holstein-Gottorp-Romanov Michel II
43%
1796-1801 Holstein-Gottorp-Romanov Paul Ier
40%
1645-1676 Romanov Alexis Ier le Tsar très paisible
36%
1598-1605 Godounov Boris Godounov
33%
1730-1740 Romanov Anne Ière
29%
1359-1389 Riourikides Dimitri Ier Donskoï
28%
1605-1606 Otrepiev Dimitri II l'Usurpateur
27%
1741-1762 Romanov Élisabeth Ière la Clémente
27%
1389-1425 Riourikides Vassili Ier
22%
1505-1533 Riourikides Vassili III le Grand
22%
1425-1462 Riourikides Vassili II l'Aveugle
22%
1606-1610 Chouiski Vassili IV le Tsar-crapule
22%
1584-1598 Riourikides Fédor Ier
18%
1605 Godounov Fédor II
18%
1676-1682 Romanov Fédor III
18%
1283-1303 Riourikides Daniel Ier
12%
1303-1325 Riourikides Iouri Ier
12%
1610-1613 Vasa Ladislas IV Roi de Pologne et Grand-Duc de Lituanie
9%
1598 Godounov Irina Godounova
8%
1340-1353 Riourikides Siméon Ier le Fier ou le Superbe
7%
Aucun quiz correspondant
Distribution des résultats
% des personnes avec chaque résultat
Percentile par nombre de réponses
Votre historique - résultats
Vous n’avez pas pris ce quiz